Central Library OPAC University of Rajshahi

Multivariate statistical modelling based on generalized linear models / (Record no. 8554)

MARC details
000 -LEADER
fixed length control field 00997cam a2200289 a 4500
001 - CONTROL NUMBER
control field 8554
003 - CONTROL NUMBER IDENTIFIER
rucl marc code BD-RjUL
005 - DATE AND TIME OF LATEST TRANSACTION
control field 20211208234617.0
008 - FIXED-LENGTH DATA ELEMENTS--GENERAL INFORMATION
fixed length control field 140118s1994 nyua b 001 0 eng
020 ## - INTERNATIONAL STANDARD BOOK NUMBER
International Standard Book Number 0387942335
035 ## - SYSTEM CONTROL NUMBER
System control number (BD-RjUL)8599
040 ## - CATALOGING SOURCE
Original cataloging agency DLC
Transcribing agency DLC
Modifying agency DLC
-- BD-RjUL
Language of cataloging eng
041 ## - LANGUAGE CODE
Language code of text/sound track or separate title eng
082 00 - DEWEY DECIMAL CLASSIFICATION NUMBER
Classification number 519.535
Edition number 20
Author mark and year FAM 1996
100 1# - MAIN ENTRY--PERSONAL NAME
Personal name Fahrmeir, L.
9 (RLIN) 26633
245 10 - TITLE STATEMENT
Title Multivariate statistical modelling based on generalized linear models /
Statement of responsibility, etc. Ludwig Fahrmeir, Gerhard Tutz ; with contributions by Wolfgang Hennevogl.
260 ## - PUBLICATION, DISTRIBUTION, ETC. (IMPRINT)
Place of publication, distribution, etc. New York :
Name of publisher, distributor, etc. Springer-Verlag,
Date of publication, distribution, etc. c1994 [ 2nd. pri. 1996].
300 ## - PHYSICAL DESCRIPTION
Pagination xxiv, 425 p. :
Illustrations ill. ;
Size 24 cm.
504 ## - BIBLIOGRAPHY, ETC. NOTE
Bibliography, etc Includes bibliographical references (p. 379-411) and indexes.
650 #0 - SUBJECT ADDED ENTRY--TOPICAL TERM
Topical term or geographic name as entry element Multivariate analysis.
9 (RLIN) 26635
Topical term or geographic name as entry element Linear models (Statistics)
9 (RLIN) 26636
700 1# - ADDED ENTRY--PERSONAL NAME
Personal name Tutz, Gerhard.
942 ## - ADDED ENTRY ELEMENTS (KOHA)
Source of classification or shelving scheme Dewey Decimal Classification
Koha item type Books
Holdings
Lost status Source of classification or shelving scheme Damaged status Not for loan Collection code Permanent Location Current Location Shelving location Date acquired Source of acquisition Cost, normal purchase price Total Checkouts Full call number Date last seen Copy number Koha item type
  Dewey Decimal Classification   Not For Loan Non-fiction Central Library, University of Rajshahi Central Library, University of Rajshahi   30/06/1997 Ahasania Mission BOOk Distri:House 89.00   519.535 FAM 1996 18/01/2014 C-1 Books